00000000nam 2200000za 4500
0019.856053
003CaOODSP
00520221107155441
007cr |||||||||||
008180502s2018    onc    #ol|||f|0| 0|fre d
040 |aCaOODSP|bfre
041 |afre|aeng
043 |an-cn---
0861 |aXB421-401/1-PDF
1101 |aCanada. |bParlement. |bChambre des communes.
24513|aAn Act to amend the Canada Elections Act (voting age) |h[ressource électronique] = |bLoi modifiant la Loi électorale du Canada (âge de voter).
24631|aLoi modifiant la Loi électorale du Canada (âge de voter)
260 |a[Ottawa] : |bHouse of Commons of Canada = Chambre des communes du Canada, |c2018.
300 |aii, 1 p.
4901 |aProjet de loi C- ... ; |vProjet de loi C-401, 1re session, 42e législature
500 |aTitre de la couv.
500 |a« Première lecture le 1er mai 2018. »
520 |a« Le texte modifie la Loi électorale du Canada afin de faire passer de dix-huit à seize ans l’âge de voter »--Sommaire, p. ii.
546 |aTexte en français et en anglais.
69207|2gccst|aLégislation
69207|2gccst|aÉlections
791 |tAn Act to amend the Canada Elections Act (voting age) |eeng|w(CaOODSP)9.856052
830#0|aProjet de loi C-...|vProjet de loi C-401, 1re session, 42e législature|w(CaOODSP)9.500660
85640|qPDF|s199 Ko|uhttps://publications.gc.ca/collections/collection_2018/parl/XB421-401-1.pdf